[Event "Madrid ch 2016/2017 - Previa B"]
[Site "Madrid ESP"]
[Date "2017.02.02"]
[Round "1.1"]
[White "Ocaña Lameiro, Oliver"]
[Black "Moro Serrano, Federico"]
[Result "1-0"]
[WhiteElo "1982"]
[BlackElo "1626"]
[PlyCount "89"]
[EventDate "2017.02.02"]
[EventType "swiss"]
[EventRounds "9"]
[EventCountry "ESP"]
[SourceTitle "Ajedrez en Madrid"]
[Source "lmi"]
[SourceDate "2017.02.02"]

1. e4 c5 2. c3 d5 3. exd5 Qxd5 4. d4 Nf6 5. Nf3 Bg4 6. Be2 Nc6 7. c4 Qd6 8. d5
Bxf3 9. Bxf3 Ne5 10. O-O Nxf3+ 11. Qxf3 g6 12. Bf4 Qd7 13. Nc3 Bg7 14. Rfe1 O-O
15. Qe3 Rfe8 16. Qxc5 Rac8 17. Qd4 Nh5 18. Be5 Nf6 19. b3 a6 20. Ne4 Qf5 21.
Bxf6 Bxf6 22. Nxf6+ exf6 23. Re3 Re5 24. g4 Qg5 25. h3 Rxe3 26. Qxe3 Qe5 27.
Qxe5 fxe5 28. Rc1 Kf8 29. c5 Ke7 30. Kf1 f5 31. Ke2 Kf6 32. b4 e4 33. f4 exf3+
34. Kxf3 Ke5 35. d6 b6 36. cxb6 Rxc1 37. b7 Kxd6 38. b8=Q+ Rc7 39. gxf5 gxf5
40. Kf4 Kc6 41. a4 Rd7 42. a5 Rd4+ 43. Kxf5 Rh4 44. Qe8+ Kd5 45. Qd8+ 1-0

[Event "Madrid ch 2016/2017 - Previa B"]
[Site "Madrid ESP"]
[Date "2017.02.02"]
[Round "1.2"]
[White "Dominguez Afonso, Ayraldo"]
[Black "Morera Rodriguez, Ignacio"]
[Result "0-1"]
[WhiteElo "1595"]
[BlackElo "1972"]
[PlyCount "84"]
[EventDate "2017.02.02"]
[EventType "swiss"]
[EventRounds "9"]
[EventCountry "ESP"]
[SourceTitle "Ajedrez en Madrid"]
[Source "lmi"]
[SourceDate "2017.02.02"]

1. e4 c5 2. Nf3 d6 3. d4 cxd4 4. Nxd4 Nf6 5. Nc3 a6 6. Bc4 e6 7. Be3 b5 8. Bd3
Bb7 9. f3 Nbd7 10. O-O Be7 11. Qe1 Ne5 12. Be2 O-O 13. Rd1 Rc8 14. a3 Qc7 15.
Bc1 Ng6 16. Kh1 d5 17. exd5 Nxd5 18. Nxd5 Bxd5 19. Bd3 Bf6 20. Be3 Rfd8 21. c3
Ne5 22. Bf4 g5 23. Bg3 Bg7 24. Qe2 f5 25. Bb1 Bc4 26. Bxe5 Bxe5 27. Bd3 Bxd4
28. Bxc4 Qxc4 29. Qxc4 Rxc4 30. cxd4 Rdxd4 31. h3 Kf7 32. Rxd4 Rxd4 33. Rf2 Kf6
34. Re2 a5 35. Kg1 h5 36. Kf2 Rd3 37. Rc2 h4 38. Ke2 Rb3 39. Kd2 Ke5 40. Ke2
Kf4 41. Kf2 e5 42. Re2 e4 0-1

[Event "Madrid ch 2016/2017 - Previa B"]
[Site "Madrid ESP"]
[Date "2017.02.02"]
[Round "1.3"]
[White "Molina Garcia, Francisco J"]
[Black "Osuna Osuna, Francisco"]
[Result "1/2-1/2"]
[WhiteElo "1965"]
[BlackElo "1588"]
[PlyCount "126"]
[EventDate "2017.02.02"]
[EventType "swiss"]
[EventRounds "9"]
[EventCountry "ESP"]
[SourceTitle "Ajedrez en Madrid"]
[Source "lmi"]
[SourceDate "2017.02.02"]

1. e4 d5 2. exd5 Qxd5 3. Nc3 Qa5 4. d4 Nf6 5. Nf3 Bf5 6. Bc4 e6 7. Ne5 Nbd7 8.
f4 Nxe5 9. fxe5 Ne4 10. Bd2 Nxc3 11. Bxc3 Bb4 12. Bd2 Bxd2+ 13. Qxd2 Qxd2+ 14.
Kxd2 O-O-O 15. c3 c5 16. Ke3 cxd4+ 17. cxd4 Kb8 18. Rac1 Rc8 19. Rc3 Rhd8 20.
Rd1 a6 21. a4 Ka7 22. a5 Kb8 23. Ra1 f6 24. exf6 gxf6 25. Rac1 Rc6 26. Bd3 Rxc3
27. Rxc3 Bxd3 28. Kxd3 e5 29. Rc4 exd4 30. Rxd4 Rg8 31. g3 Rg5 32. b4 Kc7 33.
Rf4 Rd5+ 34. Kc4 Rd2 35. h4 Rg2 36. Rxf6 Rxg3 37. Rf7+ Kc6 38. Rxh7 Rg4+ 39.
Kc3 Rg3+ 40. Kc2 Rg2+ 41. Kb3 b5 42. axb6 Kxb6 43. h5 a5 44. bxa5+ Kxa5 45. Kc4
Kb6 46. Kd5 Rd2+ 47. Ke6 Kc6 48. Kf6 Rd6+ 49. Kf7 Kd5 50. Rg7 Ke5 51. Rg6 Rd7+
52. Kg8 Kf5 53. Rg7 Rd8+ 54. Kh7 Ra8 55. Kh6 Rh8+ 56. Rh7 Rxh7+ 57. Kxh7 Kf6
58. Kh6 Kf7 59. Kg5 Kg7 60. h6+ Kh7 61. Kh5 Kh8 62. Kg6 Kg8 63. h7+ Kh8 1/2-1/2

[Event "Madrid ch 2016/2017 - Previa B"]
[Site "Madrid ESP"]
[Date "2017.02.02"]
[Round "1.4"]
[White "Rodriguez Torres, Manuel"]
[Black "Vazquez Gonzalez, Francisco"]
[Result "0-1"]
[WhiteElo "1588"]
[BlackElo "1943"]
[PlyCount "52"]
[EventDate "2017.02.02"]
[EventType "swiss"]
[EventRounds "9"]
[EventCountry "ESP"]
[SourceTitle "Ajedrez en Madrid"]
[Source "lmi"]
[SourceDate "2017.02.02"]

1. e4 e5 2. Nf3 Nc6 3. Bb5 f5 4. d4 fxe4 5. Nxe5 Nxe5 6. dxe5 c6 7. Nc3 cxb5 8.
Nxe4 Qb6 9. Be3 Qc6 10. Qd3 Qc4 11. Nd6+ Bxd6 12. Qxd6 Qe6 13. Qd3 Ne7 14. O-O
O-O 15. Rfe1 b6 16. Rad1 Qg4 17. Qb3+ Kh8 18. Rd4 Qe6 19. Qxb5 Nc6 20. Re4 Bb7
21. Bc5 Rf5 22. Bd6 Ne7 23. Rd4 Rg5 24. g3 Nf5 25. Rdd1 Nxd6 26. Rxd6 Qxd6 0-1

[Event "Madrid ch 2016/2017 - Previa B"]
[Site "Madrid ESP"]
[Date "2017.02.02"]
[Round "1.5"]
[White "Martin Hernandez, Vicente"]
[Black "Ghavami, Mahmoud"]
[Result "1-0"]
[WhiteElo "1941"]
[BlackElo "1586"]
[PlyCount "65"]
[EventDate "2017.02.02"]
[EventType "swiss"]
[EventRounds "9"]
[EventCountry "ESP"]
[SourceTitle "Ajedrez en Madrid"]
[Source "lmi"]
[SourceDate "2017.02.02"]

1. d4 e6 2. c4 c6 3. e4 c5 4. d5 d6 5. Nf3 Be7 6. e5 exd5 7. cxd5 a6 8. Bf4 Bg4
9. Be2 Bxf3 10. Bxf3 Qb6 11. Nd2 dxe5 12. Bxe5 Bf6 13. Qe2 Bxe5 14. Qxe5+ Kf8
15. O-O Nd7 16. Qf4 Re8 17. Nc4 Qd8 18. Nd6 Re7 19. Rae1 Ngf6 20. Nxb7 Qb6 21.
Rxe7 Kxe7 22. Re1+ Kf8 23. Nd6 g6 24. Qh6+ Kg8 25. Ne8 Nh5 26. Bxh5 Qxb2 27.
Bg4 f5 28. Bxf5 Nf8 29. Be6+ Nxe6 30. dxe6 Qc3 31. Rd1 Qe5 32. h3 c4 33. Rd8
1-0

[Event "Madrid ch 2016/2017 - Previa B"]
[Site "Madrid ESP"]
[Date "2017.02.02"]
[Round "1.6"]
[White "Benitez Cadenas, Luis Miguel"]
[Black "Garcia Prados, David"]
[Result "0-1"]
[WhiteElo "1572"]
[BlackElo "1928"]
[PlyCount "82"]
[EventDate "2017.02.02"]
[EventType "swiss"]
[EventRounds "9"]
[EventCountry "ESP"]
[SourceTitle "Ajedrez en Madrid"]
[Source "lmi"]
[SourceDate "2017.02.02"]

1. d4 Nf6 2. Nf3 g6 3. Bg5 Bg7 4. Nbd2 d5 5. e3 Bf5 6. Be2 Nbd7 7. O-O O-O 8.
c3 c5 9. dxc5 Nxc5 10. Nd4 Bd7 11. Rc1 e5 12. N4f3 Re8 13. c4 Nce4 14. Nxe4
dxe4 15. Nd2 Bc6 16. Qc2 Qb6 17. Bxf6 Bxf6 18. b3 Rad8 19. Rfd1 Be7 20. Nxe4 f5
21. Rxd8 Rxd8 22. Nc3 Bc5 23. Rd1 Rxd1+ 24. Qxd1 Bxe3 25. Nd5 Bxf2+ 26. Kf1 Qd4
27. Qc1 Bg1 28. Qe1 Bxd5 29. cxd5 Be3 30. Bc4 Qf4+ 31. Ke2 Bb6 32. Kd1 Qd4+ 33.
Kc2 Qf2+ 34. Qxf2 Bxf2 35. d6+ Kf8 36. Bd5 b6 37. d7 Bh4 38. Kc3 Bd8 39. Kc4
Ke7 40. Bg8 h6 41. Bh7 Kf7 0-1

[Event "Madrid ch 2016/2017 - Previa B"]
[Site "Madrid ESP"]
[Date "2017.02.02"]
[Round "1.8"]
[White "Fernandez Garcia, Emiliano"]
[Black "Vazquez Gonzalez, Jesus"]
[Result "1-0"]
[WhiteElo "1541"]
[BlackElo "1911"]
[PlyCount "75"]
[EventDate "2017.02.02"]
[EventType "swiss"]
[EventRounds "9"]
[EventCountry "ESP"]
[SourceTitle "Ajedrez en Madrid"]
[Source "lmi"]
[SourceDate "2017.02.02"]

1. d4 c5 2. d5 e5 3. dxe6 fxe6 4. e4 Nc6 5. Nf3 Nf6 6. Nc3 a6 7. Bg5 Be7 8. a3
b5 9. Bd3 Bb7 10. O-O O-O 11. e5 Ng4 12. Bxe7 Qxe7 13. Qe2 b4 14. Qe4 g6 15.
Qxg4 Rxf3 16. Qxf3 bxc3 17. bxc3 Rf8 18. Qg3 Qg7 19. Rfe1 Ne7 20. Rab1 Bc6 21.
Rb6 a5 22. Qe3 c4 23. Bxc4 Nf5 24. Qd2 Qf7 25. Bb5 Bxg2 26. Qxd7 Nh4 27. Qxf7+
Rxf7 28. Rd1 Be4 29. Rb8+ Kg7 30. Rd7 Nf3+ 31. Kf1 Nxe5 32. Rxf7+ Kxf7 33. c4
Bxc2 34. c5 Be4 35. f4 Nc6 36. Bxc6 Bxc6 37. Kf2 e5 38. Rb6 1-0

[Event "Madrid ch 2016/2017 - Previa B"]
[Site "Madrid ESP"]
[Date "2017.02.02"]
[Round "1.9"]
[White "Marin Aso, Jose Luis"]
[Black "Cortijo Manso, Luis"]
[Result "1-0"]
[WhiteElo "1882"]
[BlackElo "1518"]
[PlyCount "57"]
[EventDate "2017.02.02"]
[EventType "swiss"]
[EventRounds "9"]
[EventCountry "ESP"]
[SourceTitle "Ajedrez en Madrid"]
[Source "lmi"]
[SourceDate "2017.02.02"]

1. e4 e6 2. d4 d5 3. Nd2 Nf6 4. e5 Nfd7 5. Bd3 c5 6. c3 Nc6 7. Ngf3 cxd4 8.
cxd4 Be7 9. O-O f6 10. Re1 Qc7 11. Nb3 fxe5 12. dxe5 Ncxe5 13. Nxe5 Nxe5 14.
Qh5+ Nf7 15. Nd4 e5 16. Bb5+ Kf8 17. Nb3 Bf6 18. Bd2 g6 19. Qf3 Qd8 20. Rad1
Be6 21. Nc5 Qe7 22. Bb4 Kg8 23. Ba3 Ng5 24. Qe2 Qf7 25. h4 Ne4 26. Nxe6 Qxe6
27. Rxd5 Qf5 28. Rd7 Rc8 29. Bc4+ 1-0

[Event "Madrid ch 2016/2017 - Previa B"]
[Site "Madrid ESP"]
[Date "2017.02.02"]
[Round "1.10"]
[White "Ojosnegros Martin, Angel"]
[Black "Garcia Serrano, Jose M"]
[Result "0-1"]
[WhiteElo "1516"]
[BlackElo "1859"]
[PlyCount "34"]
[EventDate "2017.02.02"]
[EventType "swiss"]
[EventRounds "9"]
[EventCountry "ESP"]
[SourceTitle "Ajedrez en Madrid"]
[Source "lmi"]
[SourceDate "2017.02.02"]

1. e4 e5 2. Nf3 Nc6 3. Bc4 Nf6 4. d4 exd4 5. O-O Nxe4 6. Re1 d5 7. Bxd5 Qxd5 8.
Nc3 Qd8 9. Nxe4 Be7 10. Neg5 O-O 11. Qd3 g6 12. Qb3 Bf5 13. Qxb7 Nb4 14. Nxd4
Qxd4 15. Nf3 Qc5 16. Bf4 Rfc8 17. Rad1 Rab8 0-1

[Event "Madrid ch 2016/2017 - Previa B"]
[Site "Madrid ESP"]
[Date "2017.02.02"]
[Round "1.11"]
[White "Barragan Arriaza, Pablo"]
[Black "Pareja Cerrato, Antonio"]
[Result "1-0"]
[WhiteElo "1813"]
[BlackElo "1509"]
[PlyCount "63"]
[EventDate "2017.02.02"]
[EventType "swiss"]
[EventRounds "9"]
[EventCountry "ESP"]
[SourceTitle "Ajedrez en Madrid"]
[Source "lmi"]
[SourceDate "2017.02.02"]

1. c4 e6 2. Nf3 d5 3. b3 Nf6 4. g3 Bd6 5. Bg2 Nbd7 6. O-O b6 7. Bb2 Bb7 8. Nc3
a6 9. e3 Qe7 10. cxd5 exd5 11. Nh4 Qe6 12. Ne2 Be5 13. Bxe5 Nxe5 14. d4 Ng6 15.
Nxg6 hxg6 16. Nf4 Qd7 17. h4 Ne4 18. Qc2 Qd6 19. Rac1 Kd7 20. Rfd1 f5 21. Bxe4
fxe4 22. Qe2 Rh6 23. Qg4+ Ke7 24. h5 Rah8 25. Nxg6+ Rxg6 26. hxg6 Bc8 27. Qg5+
Kd7 28. Rc2 Rh6 29. Rdc1 c5 30. dxc5 bxc5 31. Rxc5 Rxg6 32. Rc7+ 1-0

[Event "Madrid ch 2016/2017 - Previa B"]
[Site "Madrid ESP"]
[Date "2017.02.02"]
[Round "1.12"]
[White "Alameda Arellano, Cristeto"]
[Black "Fernandez Estremera, Fernando"]
[Result "0-1"]
[WhiteElo "1507"]
[BlackElo "1793"]
[PlyCount "66"]
[EventDate "2017.02.02"]
[EventType "swiss"]
[EventRounds "9"]
[EventCountry "ESP"]
[SourceTitle "Ajedrez en Madrid"]
[Source "lmi"]
[SourceDate "2017.02.02"]

1. d4 Nf6 2. Bf4 e6 3. e3 b6 4. Nf3 Bb7 5. Be2 d6 6. Nbd2 Be7 7. h3 Nbd7 8. O-O
O-O 9. c3 c5 10. a4 cxd4 11. exd4 Nd5 12. Bh2 Qc7 13. a5 bxa5 14. Nc4 a4 15.
Qxa4 N5b6 16. Nxb6 axb6 17. Qc2 Qb8 18. Qd3 Ra7 19. Qb5 Rd8 20. Nd2 Qa8 21.
Rxa7 Qxa7 22. Qb4 Nf6 23. c4 Ne4 24. Nb3 Bc6 25. Ra1 Qb7 26. d5 exd5 27. cxd5
Bxd5 28. Ra6 Rb8 29. Qa3 Qc6 30. f3 Bxb3 31. fxe4 Qxe4 32. Qxb3 Qxe2 33. Bg3
Qxa6 0-1

[Event "Madrid ch 2016/2017 - Previa B"]
[Site "Madrid ESP"]
[Date "2017.02.02"]
[Round "1.14"]
[White "Martinez Pascual, Gonzalo"]
[Black "Tarrio Ocaña, Jose Manuel"]
[Result "0-1"]
[WhiteElo "1493"]
[BlackElo "1785"]
[PlyCount "90"]
[EventDate "2017.02.02"]
[EventType "swiss"]
[EventRounds "9"]
[EventCountry "ESP"]
[SourceTitle "Ajedrez en Madrid"]
[Source "lmi"]
[SourceDate "2017.02.02"]

1. d4 d5 2. Bf4 Nf6 3. e3 e6 4. Nf3 c5 5. c3 Nc6 6. Nbd2 Bd6 7. Bg3 Bxg3 8.
hxg3 cxd4 9. exd4 Qd6 10. Bb5 Bd7 11. Bxc6 bxc6 12. Ne5 c5 13. Ndf3 Rb8 14. Qc2
cxd4 15. cxd4 Qb4+ 16. Qc3 Qxb2 17. Qxb2 Rxb2 18. Ng5 O-O 19. Nxh7 Nxh7 20.
Nxd7 Rc8 21. Nc5 Nf6 22. O-O Ne4 23. Nxe4 dxe4 24. a3 Rcc2 25. Rae1 f5 26. g4
Kf7 27. gxf5 exf5 28. Rc1 Ke6 29. Rxc2 Rxc2 30. Rb1 Ra2 31. Rb3 g6 32. f3 Kd5
33. fxe4+ fxe4 34. Rg3 Kxd4 35. Rxg6 Rxa3 36. Rd6+ Ke3 37. Rg6 Ke2 38. Rf6 e3
39. g4 Kd2 40. Rd6+ Rd3 41. Ra6 e2 42. Ra2+ Ke3 43. Kg2 e1=Q 44. Rxa7 Qf2+ 45.
Kh3 Kf4# 0-1

[Event "Madrid ch 2016/2017 - Previa B"]
[Site "Madrid ESP"]
[Date "2017.02.02"]
[Round "1.15"]
[White "Rodriguez Bernal, Herman"]
[Black "Olmos Rodriguez, Arcadio"]
[Result "1-0"]
[WhiteElo "1781"]
[BlackElo "1480"]
[PlyCount "81"]
[EventDate "2017.02.02"]
[EventType "swiss"]
[EventRounds "9"]
[EventCountry "ESP"]
[SourceTitle "Ajedrez en Madrid"]
[Source "lmi"]
[SourceDate "2017.02.02"]

1. d4 Nf6 2. c4 d5 3. Nc3 Bf5 4. cxd5 Nxd5 5. f3 Nxc3 6. bxc3 e6 7. e4 Bg6 8.
Qb3 b6 9. Nh3 Nd7 10. Bb5 a6 11. Bc6 Rb8 12. O-O h6 13. Nf4 Bh7 14. Nxe6 fxe6
15. Qxe6+ Be7 16. f4 Bg8 17. Qg6+ Bf7 18. Qxg7 Bf6 19. Bxd7+ Ke7 20. Ba3+ c5
21. Qg3 Qxd7 22. dxc5 Qa4 23. e5 Qxa3 24. exf6+ Kxf6 25. Qh4+ Kg7 26. cxb6 Qxc3
27. Rac1 Qd4+ 28. Kh1 Qxb6 29. Rf3 Kh7 30. f5 Rbc8 31. Rcf1 Rce8 32. Qf4 Rhg8
33. f6 Rg6 34. h4 Reg8 35. R3f2 Qc6 36. Rg1 Rg4 37. Qf5+ R4g6 38. h5 Qb6 39.
hxg6+ Rxg6 40. Re1 h5 41. Re7 1-0

[Event "Madrid ch 2016/2017 - Previa B"]
[Site "Madrid ESP"]
[Date "2017.02.02"]
[Round "1.16"]
[White "Ochoa Gonzalez, Hugo"]
[Black "Peña Marina, Jose Maria"]
[Result "1/2-1/2"]
[WhiteElo "1422"]
[BlackElo "1762"]
[PlyCount "84"]
[EventDate "2017.02.02"]
[EventType "swiss"]
[EventRounds "9"]
[EventCountry "ESP"]
[SourceTitle "Ajedrez en Madrid"]
[Source "lmi"]
[SourceDate "2017.02.02"]

1. e4 e6 2. d4 d5 3. Nc3 Nf6 4. e5 Nfd7 5. f4 c5 6. Nf3 Nc6 7. Be3 a6 8. dxc5
Bxc5 9. Nd4 Nxd4 10. Bxd4 Bxd4 11. Qxd4 Qb6 12. Qxb6 Nxb6 13. Bd3 Bd7 14. O-O
g6 15. a4 Rc8 16. Ne2 Nxa4 17. b3 Nc5 18. Nd4 Nxd3 19. cxd3 Ke7 20. Kf2 Rc7 21.
Ke3 Rhc8 22. g4 Rc3 23. Rf3 Rc1 24. Ra2 Re1+ 25. Kd2 Rg1 26. h3 Rg2+ 27. Ne2 f5
28. g5 Rh2 29. Ke1 Rh1+ 30. Kd2 Rb1 31. d4 Bb5 32. Nc3 Rxb3 33. Nxd5+ exd5 34.
Rxb3 Rc4 35. Ke3 Kd7 36. h4 Kc7 37. Rh2 Rc1 38. h5 Re1+ 39. Kf3 Rf1+ 40. Ke3
Re1+ 41. Kf2 Rf1+ 42. Ke3 Re1+ 1/2-1/2

[Event "Madrid ch 2016/2017 - Previa B"]
[Site "Madrid ESP"]
[Date "2017.02.02"]
[Round "1.17"]
[White "Leniz Martinez, Francisco"]
[Black "Perdiguero Herreros, Alejandro"]
[Result "1-0"]
[WhiteElo "1721"]
[BlackElo "1409"]
[PlyCount "167"]
[EventDate "2017.02.02"]
[EventType "swiss"]
[EventRounds "9"]
[EventCountry "ESP"]
[SourceTitle "Ajedrez en Madrid"]
[Source "lmi"]
[SourceDate "2017.02.02"]

1. c4 Nf6 2. Nc3 e6 3. g3 Nc6 4. Bg2 Bc5 5. Nf3 O-O 6. O-O b6 7. a3 Bb7 8. d4
Bd6 9. e4 e5 10. d5 Ne7 11. Bg5 Ng6 12. b4 h6 13. Bd2 c6 14. Re1 Re8 15. h3 a6
16. Qb3 cxd5 17. cxd5 Bc7 18. Be3 d6 19. Nd2 Rb8 20. Rac1 b5 21. Rc2 Bc8 22.
Rec1 Bb6 23. Ne2 Bd7 24. Qd3 Bxe3 25. Qxe3 Qe7 26. Nb3 Rec8 27. Na5 Nh7 28. Qa7
Be8 29. Qxa6 Rxc2 30. Rxc2 Nf6 31. Rc8 Rxc8 32. Qxc8 Qd7 33. Qc2 Ne7 34. Nc3
Nh5 35. Qe2 f5 36. Kh2 Nf6 37. Qd3 Bg6 38. Qxb5 Qxb5 39. Nxb5 Nxe4 40. f3 Nd2
41. Nxd6 Nxd5 42. Ndc4 Nxc4 43. Nxc4 e4 44. fxe4 fxe4 45. Kg1 Nc3 46. Kf2 Nd5
47. b5 Kf7 48. Nd6+ Ke7 49. Nxe4 Bxe4 50. Bxe4 Nb6 51. Bc2 Kd6 52. a4 Kc5 53.
Kf3 g6 54. a5 Nc4 55. a6 Kxb5 56. Bd3 Kxa6 57. Bxc4+ Kb6 58. Bf7 Kc6 59. Bxg6
Kd6 60. h4 Ke7 61. g4 Kf6 62. Bb1 Kg7 63. Kf4 Kf6 64. Ba2 Kg6 65. Ke5 Kg7 66.
Kf5 Kh7 67. Kf6 Kh8 68. Bb1 Kg8 69. Kg6 h5 70. Kxh5 Kf7 71. Kg5 Kg8 72. Kf6 Kh8
73. g5 Kg8 74. g6 Kh8 75. h5 Kg8 76. Ba2+ Kf8 77. g7+ Ke8 78. g8=Q+ Kd7 79.
Qe6+ Kc7 80. h6 Kb7 81. h7 Kc7 82. h8=R Kb7 83. Rh7+ Kb8 84. Qe8# 1-0

[Event "Madrid ch 2016/2017 - Previa B"]
[Site "Madrid ESP"]
[Date "2017.02.02"]
[Round "1.18"]
[White "Herreros Villalba, Ana"]
[Black "Ingunza Curro, Andres"]
[Result "0-1"]
[WhiteElo "1114"]
[BlackElo "1670"]
[PlyCount "80"]
[EventDate "2017.02.02"]
[EventType "swiss"]
[EventRounds "9"]
[EventCountry "ESP"]
[SourceTitle "Ajedrez en Madrid"]
[Source "lmi"]
[SourceDate "2017.02.02"]

1. e4 c5 2. d3 Nc6 3. Nf3 d6 4. Be3 Nf6 5. g3 g6 6. Bg2 Bg7 7. O-O O-O 8. c3 e5
9. d4 cxd4 10. cxd4 Nxe4 11. d5 Ne7 12. Nxe5 Bxe5 13. Qb3 f5 14. Nc3 Nxc3 15.
bxc3 Qc7 16. Rac1 Bd7 17. c4 b6 18. Rfd1 Rab8 19. Bg5 Bf6 20. Bh6 Rfe8 21. h4
Kh8 22. Bf4 a5 23. Qa3 Nc8 24. c5 bxc5 25. Rxc5 Qxc5 26. Qxc5 dxc5 27. Bxb8 Nb6
28. Bd6 Bd4 29. Bc7 Nc4 30. d6 Re2 31. Bd5 Nd2 32. Bxa5 Rxf2 33. Bc3 Rf1+ 34.
Kg2 Rxd1 35. Bxd4+ cxd4 36. Kf2 Ne4+ 37. Kf3 d3 38. Bb3 Nd2+ 39. Kf4 Nxb3 40.
axb3 Re1 0-1

[Event "Madrid ch 2016/2017 - Previa B"]
[Site "Madrid ESP"]
[Date "2017.02.03"]
[Round "2.2"]
[White "Vazquez Gonzalez, Francisco"]
[Black "Rodriguez Bernal, Herman"]
[Result "0-1"]
[WhiteElo "1943"]
[BlackElo "1781"]
[PlyCount "78"]
[EventDate "2017.02.02"]
[EventType "swiss"]
[EventRounds "9"]
[EventCountry "ESP"]
[SourceTitle "Ajedrez en Madrid"]
[Source "lmi"]
[SourceDate "2017.02.02"]

1. e4 e6 2. d4 d5 3. e5 c5 4. c3 Nc6 5. Be3 Nge7 6. Nf3 Nf5 7. Bd3 cxd4 8. cxd4
Nxe3 9. fxe3 Bb4+ 10. Nc3 O-O 11. O-O f5 12. exf6 Rxf6 13. Qc2 Rh6 14. Qf2 Qf8
15. Qg3 Qe7 16. Nb5 a6 17. Ng5 axb5 18. Rf7 Qxf7 19. Nxf7 Kxf7 20. Qc7+ Be7 21.
Bxb5 Rf6 22. Bxc6 bxc6 23. Qxc6 Rb8 24. b3 Kf8 25. Qc7 Ra8 26. Qc6 Rb8 27. Rc1
Bb7 28. Qd7 Ba6 29. h3 Rd8 30. Qa7 Bd3 31. Qa5 h5 32. Qd2 Be4 33. Qe2 Rg6 34.
g4 hxg4 35. hxg4 Rh6 36. Qa6 Rh1+ 37. Kf2 Rxc1 38. Qxe6 Bh4+ 39. Ke2 Rdc8 0-1

[Event "Madrid ch 2016/2017 - Previa B"]
[Site "Madrid ESP"]
[Date "2017.02.03"]
[Round "2.3"]
[White "Garcia Prados, David"]
[Black "Leniz Martinez, Francisco"]
[Result "1-0"]
[WhiteElo "1928"]
[BlackElo "1721"]
[PlyCount "105"]
[EventDate "2017.02.02"]
[EventType "swiss"]
[EventRounds "9"]
[EventCountry "ESP"]
[SourceTitle "Ajedrez en Madrid"]
[Source "lmi"]
[SourceDate "2017.02.02"]

1. e4 c5 2. Nf3 e6 3. d3 d6 4. g3 Be7 5. Bg2 Nf6 6. O-O O-O 7. c3 Nc6 8. Nbd2
Bd7 9. Re1 Qc7 10. Nf1 Rab8 11. Bf4 e5 12. Bd2 Rfe8 13. Nh4 Qc8 14. Ne3 g6 15.
Nd5 Nxd5 16. exd5 Nd8 17. c4 Bf8 18. f4 Bg7 19. Qc2 b5 20. b3 a6 21. Rab1 Nb7
22. fxe5 Bxe5 23. Nf3 Bg7 24. Rxe8+ Qxe8 25. Re1 Qf8 26. Bc3 Re8 27. Rf1 h6 28.
Bxg7 Qxg7 29. Qf2 Qf6 30. h3 Re7 31. Kh2 Re8 32. Qd2 Qg7 33. Qf4 Bf5 34. Qd2
Bd7 35. Rf2 h5 36. Qf4 Bf5 37. Ng5 Re7 38. Be4 Bxe4 39. Nxe4 Qe5 40. Qh6 Qg7
41. Nf6+ Kf8 42. Qf4 Qh8 43. Kg2 Qg7 44. Kf1 Qh8 45. Rh2 Kg7 46. g4 Re5 47. Nd7
Re8 48. g5 Rd8 49. Nf6 Qf8 50. Re2 Kh8 51. Qd2 Qg7 52. Re7 Rb8 53. Qe3 1-0

[Event "Madrid ch 2016/2017 - Previa B"]
[Site "Madrid ESP"]
[Date "2017.02.03"]
[Round "2.4"]
[White "Tarrio Ocaña, Jose Manuel"]
[Black "Anton Quevedo, Andrea"]
[Result "1-0"]
[WhiteElo "1785"]
[BlackElo "1922"]
[PlyCount "78"]
[EventDate "2017.02.02"]
[EventType "swiss"]
[EventRounds "9"]
[EventCountry "ESP"]
[SourceTitle "Ajedrez en Madrid"]
[Source "lmi"]
[SourceDate "2017.02.02"]

1. e4 Nf6 2. e5 Nd5 3. d4 d6 4. Nf3 Nc6 5. c4 Nb6 6. exd6 exd6 7. d5 Ne5 8.
Nxe5 dxe5 9. Nc3 Bc5 10. Be2 O-O 11. O-O Bf5 12. a3 a5 13. Bd3 Bxd3 14. Qxd3 f5
15. Be3 Nd7 16. Bxc5 Nxc5 17. Qe3 Nb3 18. Rad1 Re8 19. Nb5 a4 20. d6 cxd6 21.
Nxd6 Re6 22. Nxf5 Qf6 23. Ng3 Rc8 24. Ne4 Qg6 25. c5 Nd4 26. Rc1 h6 27. Kh1
Rcc6 28. Rc4 b5 29. Rcc1 Qe8 30. f4 Nb3 31. f5 Nxc1 32. fxe6 Nb3 33. Qg3 Qxe6
34. Nf6+ Kh8 35. Nh5 Qe7 36. Qf3 Rc8 37. Ng3 Nd2 38. Qg4 Rxc5 39. Nf5 Qe6 1-0

[Event "Madrid ch 2016/2017 - Previa B"]
[Site "Madrid ESP"]
[Date "2017.02.03"]
[Round "2.5"]
[White "Ingunza Curro, Andres"]
[Black "Marin Aso, Jose Luis"]
[Result "0-1"]
[WhiteElo "1670"]
[BlackElo "1882"]
[PlyCount "126"]
[EventDate "2017.02.02"]
[EventType "swiss"]
[EventRounds "9"]
[EventCountry "ESP"]
[SourceTitle "Ajedrez en Madrid"]
[Source "lmi"]
[SourceDate "2017.02.02"]

1. e4 c5 2. Nf3 e6 3. d4 cxd4 4. Nxd4 Nc6 5. Nc3 Qc7 6. Be3 a6 7. Qf3 Nf6 8.
Bd3 Ne5 9. Qg3 Nxd3+ 10. cxd3 Qxg3 11. hxg3 Ng4 12. Bd2 Bc5 13. Nce2 Ne5 14.
O-O Nxd3 15. Nb3 Be7 16. Bc3 f6 17. Rfd1 Nc5 18. Nxc5 Bxc5 19. Rac1 b6 20. b4
Be7 21. a3 Bb7 22. f3 Bc6 23. Bd4 Rb8 24. Be3 Kf7 25. Rc3 Rhc8 26. Rdc1 Bd8 27.
Nd4 Bb7 28. Kf2 Rxc3 29. Rxc3 Rc8 30. Rxc8 Bxc8 31. Ne2 Bb7 32. Nc3 b5 33. Ke2
d5 34. Kd3 dxe4+ 35. Nxe4 Bxe4+ 36. fxe4 Ke7 37. Bc5+ Kd7 38. Bd4 Bc7 39. g4
Bf4 40. Bb2 Kd6 41. Ke2 Be5 42. Bc1 Bd4 43. Bf4+ Be5 44. Bc1 Bd4 45. Bf4+ e5
46. Bc1 g6 47. Kf3 Ke6 48. Ke2 f5 49. gxf5+ gxf5 50. Kf3 fxe4+ 51. Kxe4 Ba1 52.
g3 Bd4 53. g4 Ba1 54. g5 Bd4 55. a4 bxa4 56. Ba3 Bb6 57. Bb2 Bc7 58. Ba3 Bd6
59. Bb2 Bxb4 60. Bxe5 Be7 61. g6 hxg6 62. Bb2 a3 63. Ba1 Bf6 0-1

[Event "Madrid ch 2016/2017 - Previa B"]
[Site "Madrid ESP"]
[Date "2017.02.03"]
[Round "2.6"]
[White "Garcia Serrano, Jose M"]
[Black "Alvear Zapata, Juan Pablo"]
[Result "1-0"]
[WhiteElo "1859"]
[BlackElo "1503"]
[PlyCount "49"]
[EventDate "2017.02.02"]
[EventType "swiss"]
[EventRounds "9"]
[EventCountry "ESP"]
[SourceTitle "Ajedrez en Madrid"]
[Source "lmi"]
[SourceDate "2017.02.02"]

1. e4 Nf6 2. e5 Nd5 3. d4 d6 4. Nf3 Bg4 5. Be2 Nc6 6. c4 Nb6 7. exd6 cxd6 8. b3
Bxf3 9. Bxf3 d5 10. c5 Nc8 11. O-O e6 12. Nc3 Qh4 13. Nb5 Kd7 14. g3 Qf6 15.
Be3 g5 16. Rc1 h5 17. Bg2 a6 18. Nc3 Bg7 19. f4 g4 20. f5 e5 21. Nxd5 Qd8 22.
dxe5 Ke8 23. f6 Bh6 24. Qd2 Bxe3+ 25. Qxe3 1-0